India's north east : (Record no. 91255)

MARC details
000 -LEADER
fixed length control field 00630nam a22001937a 4500
010 ## - LCCN (DPL NO)
LC control number ENG-112107
020 ## - INTERNATIONAL STANDARD BOOK NUMBER
International Standard Book Number 9780198099116
Terms of availability 995.00
020 ## - INTERNATIONAL STANDARD BOOK NUMBER
International Standard Book Number 0198099118
Terms of availability 995.00
035 ## - SYSTEM CONTROL NUMBER
System control number EN-95639
037 ## - SOURCE OF ACQUISITION
Source of stock number/acquisition DBAD/PUB
082 ## - DEWEY DECIMAL CLASSIFICATION NUMBER
Classification number 305.809541
100 ## - MAIN ENTRY--PERSONAL NAME
Personal name Misra, Udayon
245 ## - TITLE STATEMENT
Title India's north east :
Statement of responsibility, etc by Udayon Misra
Remainder of title identity movements, state, and civil society /
260 ## - PUBLICATION, DISTRIBUTION, ETC. (IMPRINT)
Place of publication, distribution, etc New Delhi
Name of publisher, distributor, etc Oxford University Press
Date of publication, distribution, etc 2014
270 ## - ADDRESS
Address YMCA Library Building, 1, Jai Singh Road,
City New Delhi
Postal code 110001
300 ## - PHYSICAL DESCRIPTION
Extent viii,366p.
Dimensions 23cm(Hb)
500 ## - GENERAL NOTE
General note Includes index
942 ## - ADDED ENTRY ELEMENTS (KOHA)
Source of classification or shelving scheme Dewey Decimal Classification
Item type English Books
Call number suffix MIS
Classification part 305.809541
Holdings
Withdrawn status Lost status Not for loan Collection code Home library Current library Date acquired Source of acquisition Cost, normal purchase price Full call number Barcode Copy number Cost, replacement price Koha item type
    Not For Loan Non-fiction D.B.Act.Division D.B.Act.Division 05/02/2015 DBAD/PUB 995.00 305.809541 MIS EN-95639 1 995.00 English Books

© Delhi Public Library
Hit Counter
free hit counter